| 000 | 00507nam a2200181 4500 | ||
|---|---|---|---|
| 999 |
_c11601 _d11601 |
||
| 008 | 200320b ||||| |||| 00| 0 eng d | ||
| 020 | _a9789280115499 | ||
| 040 | _aIMO | ||
| 082 | 0 | 0 |
_a387.5448 _bIMO |
| 245 | 1 | 0 | _aCode of safe practice for ships carrying : timber deck cargoes 2011 |
| 260 |
_aLondon _bInternational Maritime Organization _c2012 |
||
| 300 | _av, 98 p. | ||
| 650 | 0 | _aLumber | |
| 650 | 0 | _aTransportation | |
| 650 | 0 | _aLaw and legislation | |
| 650 | 0 | _aShips - Cargo | |
| 942 |
_2ddc _cRT |
||